header

Hephaestionis Thebani Apotelesmaticorum libri tres (Record no. 210097)

MARC details
000 -LEADER
fixed length control field 01428nam a2200349 a 4500
100 0# - MAIN ENTRY--AUTHOR NAME
Personal name Hephaestio,
245 10 - TITLE STATEMENT
Title Hephaestionis Thebani Apotelesmaticorum libri tres
250 ## - EDITION STATEMENT
Edition statement 1. Aufl.
260 ## - PUBLICATION, DISTRIBUTION, ETC. (IMPRINT)
Place of publication Leipzig :
Name of publisher B.G. Teubner,
Year of publication 1973.
300 ## - PHYSICAL DESCRIPTION
Number of Pages xxix, 463 p.
490 0# - SERIES STATEMENT
Series statement Hephaestionis Thebani Apotelesmaticorum libri tres ;
500 ## - GENERAL NOTE
General note Text in Greek; introductory matter in Latin.
650 #0 - SUBJECT ADDED ENTRY--TOPICAL TERM
Topical Term Astrology
700 1# - ADDED ENTRY--PERSONAL NAME
Personal name Pingree, David Edwin,
856 40 - ELECTRONIC LOCATION AND ACCESS
Uniform Resource Identifier http://site.ebrary.com/lib/rucke/Doc?id=10591436

No items available.

© 2026 Rongo University
Contact us: librarian | system librarian | Rongo university